000 00874nam a2200277 a 4500
001 66641
003 BD-RjUL
005 20211209081549.0
008 170318r19701967enka b 001 0 eng d
020 _a0091047501 (hbk.)
020 _a009104751X (pbk.)
035 _a(BD-RjUL)66771
040 _aBD-RjUL
_beng
_cBD-RjUL
_dBD-RjUL
041 _aeng
082 _223
_a597.01
_bALF 1970
100 1 _aAlexander, R. McN.
_9197298
245 1 0 _aFunctional design in fishes /
_cR. McN. Alexander.
250 _a2nd ed.
260 _aLondon :
_bHutchinson,
_c1970
300 _a160 p. :
_bill.;
_c22 cm.
490 1 _aHutchinson university library, Biological sciences.
504 _aIncludes bibliographies: p. [150]-154. and indexes.
650 0 _aFishes
_xPhysiology.
_943508
830 0 _aHutchinson university library, Biological sciences.
_9197299
942 _2ddc
_cBK
999 _c66641
_d66641